Commres-Dagbok'17/ (Record no. 191275)

MARC details
000 -LEADER
fixed length control field 00578nam a2200181 4500
005 - DATE AND TIME OF LATEST TRANSACTION
control field 20220823165912.0
010 ## - LCCN (DPL NO)
LC control number ENG-134569
020 ## - INTERNATIONAL STANDARD BOOK NUMBER
Terms of availability 700.00
International Standard Book Number 9789387102767
035 ## - SYSTEM CONTROL NUMBER
System control number EN-118101
037 ## - SOURCE OF ACQUISITION
Source of stock number/acquisition DBAD/PUB
082 ## - DEWEY DECIMAL CLASSIFICATION NUMBER
Classification number 658.84
245 ## - TITLE STATEMENT
Title Commres-Dagbok'17/
Statement of responsibility, etc edited by T. Rajakumaran, S. Balamurugan, V. Krishnakumar
260 ## - PUBLICATION, DISTRIBUTION, ETC. (IMPRINT)
Place of publication, distribution, etc Tamilnadu
Name of publisher, distributor, etc Shanlax Publications
Date of publication, distribution, etc 2018
270 ## - ADDRESS
Address 61,66,T.P.K. Main Road, Vasantha Nagar, Madurai
City Tamilnadu
Postal code 625003
300 ## - PHYSICAL DESCRIPTION
Extent 119p.
Dimensions 25cm(pbk)
700 ## - ADDED ENTRY--PERSONAL NAME
Personal name T. Rajakumaran
942 ## - ADDED ENTRY ELEMENTS (KOHA)
Source of classification or shelving scheme Dewey Decimal Classification
Item type English Books
Classification part 658.84
Call number suffix COM
Holdings
Withdrawn status Lost status Not for loan Collection code Home library Current library Date acquired Source of acquisition Cost, normal purchase price Full call number Barcode Copy number Cost, replacement price Koha item type
      Non-fiction Ashok Vihar Ashok Vihar 23/08/2022 DBAD/PUB 700.00 658.84 COM EN-118101 1 700.00 English Books

© Delhi Public Library
Hit Counter
free hit counter